Idioma
English
Deutsch
Español
Français
Italiano
日本語
Nederlands
Português
Português (Brasil)
中文(简体)
中文(繁體)
Türkçe
עברית
Gaeilge
Cymraeg
Ελληνικά
Català
Euskara
Русский
Čeština
Suomi
Svenska
polski
Dansk
slovenščina
اللغة العربية
বাংলা
Galego
Tiếng Việt
Hrvatski
हिंदी
Հայերէն
Українська
Tots els camps
Títol
Autor
Matèria
ISBN/ISSN
Etiqueta
Identificador
Trobar
Avançada
Т. 19, № 6; Космические исслед...
Citar
Enviar aquest missatge de text
Enviar per correu electrònic aquest
Imprimir
Exportar registre
Exportar a RefWorks
Exportar a EndNoteWeb
Exportar a EndNote
Enllaç permanent
Esportazione completata correttamente —
Т. 19, № 6; Космические исследования
Dades bibliogràfiques
Parent link:
Космические исследования=Cosmic Research: научный журнал/ Академия наук СССР (АН СССР). Т. 19, № 6.— , 1965-.— 0023-4206
Idioma:
rus
Publicat:
1981
Format:
MixedMaterials
Llibre
KOHA link:
https://koha.lib.tpu.ru/cgi-bin/koha/opac-detail.pl?biblionumber=499315
Fons
Descripció
Ítems similars
Visualització del personal
MARC
LEADER
00000nam2a2200000 4500
001
499315
005
20231101101643.0
035
|a
(RuTPU)RU\TPU\prd\169258
035
|a
RU\TPU\prd\169257
090
|a
499315
100
|a
20130301a19819999k y0rusy50 ca
101
0
|a
rus
102
|a
RU
200
0
|a
Т. 19, № 6
210
|d
1981
461
1
|0
(RuTPU)RU\TPU\prd\1533
|x
0023-4206
|t
Космические исследования
|l
Cosmic Research
|o
научный журнал
|f
Академия наук СССР (АН СССР)
|v
Т. 19, № 6
|d
1965-
801
0
|a
RU
|b
63413507
|c
20010227
|g
PSBO
801
1
|a
RU
|b
63413507
|c
20120314
801
2
|a
RU
|b
63413507
|c
20130301
|g
RCR
942
|c
BK
999
|a
НТБ_ТПУ
|b
НФ
|e
-4/20130109
|p
П-7305
|u
0,00
|v
1
Ítems similars
Т. 19, № 4; Космические исследования
Publicat: (1981)
Т. 19, № 5; Космические исследования
Publicat: (1981)
Т. 19, № 1; Космические исследования
Publicat: (1981)
Т. 19, № 2; Космические исследования
Publicat: (1981)
Т. 19, № 3; Космические исследования
Publicat: (1981)